00154nam a22000617a 4500082001500000100002300015245005400038 a621.902BOO aBooyhroyd Geoffrey aFundamentals of metal machining and machine tools